The passing of the great reform bill / (Record no. 24395)
[ view plain ]
| 000 -LEADER | |
|---|---|
| fixed length control field | 00900cam a2200277 a 4500 |
| 001 - CONTROL NUMBER | |
| control field | 24395 |
| 003 - CONTROL NUMBER IDENTIFIER | |
| rucl marc code | BD-RjUL |
| 005 - DATE AND TIME OF LATEST TRANSACTION | |
| control field | 20211209001039.0 |
| 008 - FIXED-LENGTH DATA ELEMENTS--GENERAL INFORMATION | |
| fixed length control field | 140313s19641914enkafc b 001 0 eng d |
| 035 ## - SYSTEM CONTROL NUMBER | |
| System control number | (BD-RjUL)24461 |
| 040 ## - CATALOGING SOURCE | |
| Original cataloging agency | TXR |
| Transcribing agency | TXR |
| Modifying agency | OCL |
| -- | UKM |
| -- | BD-RjUL |
| Language of cataloging | eng |
| 041 ## - LANGUAGE CODE | |
| Language code of text/sound track or separate title | eng |
| 082 ## - DEWEY DECIMAL CLASSIFICATION NUMBER | |
| Classification number | 328.420734 |
| Edition number | 18 |
| Author mark and year | BUP 1964 |
| 090 ## - LOCALLY ASSIGNED LC-TYPE CALL NUMBER (OCLC); LOCAL CALL NUMBER (OCLC) | |
| Classification number (OCLC) (R) ; Classification number, CALL (RLIN) (NR) | JN218 |
| Local cutter number (OCLC) ; Book number/undivided call number, CALL (RLIN) | .B8 1964 |
| 100 1# - MAIN ENTRY--PERSONAL NAME | |
| Personal name | Butler, James Ramsay Montagu, |
| Dates associated with a name | 1889- . |
| 9 (RLIN) | 75112 |
| 245 14 - TITLE STATEMENT | |
| Title | The passing of the great reform bill / |
| Statement of responsibility, etc. | J. R. Butler. |
| 250 ## - EDITION STATEMENT | |
| Edition statement | 5th ed. |
| 260 ## - PUBLICATION, DISTRIBUTION, ETC. (IMPRINT) | |
| Place of publication, distribution, etc. | London : |
| Name of publisher, distributor, etc. | Frank Cass and Co. Ltd., |
| Date of publication, distribution, etc. | 1924 [Imprission 1964]. |
| 300 ## - PHYSICAL DESCRIPTION | |
| Pagination | xiii, 454 p. : |
| Illustrations | ill., ports. ; |
| Size | 22 cm. |
| 500 ## - GENERAL NOTE | |
| General note | "First edition 1914." |
| 504 ## - BIBLIOGRAPHY, ETC. NOTE | |
| Bibliography, etc | Includes bibliography and index. |
| 610 10 - SUBJECT ADDED ENTRY--CORPORATE NAME | |
| Corporate name or jurisdiction name as entry element | Great Britain. |
| Subordinate unit | Parliament |
| 651 #0 - SUBJECT ADDED ENTRY--GEOGRAPHIC NAME | |
| Geographic name | Great Britain |
| General subdivision | Politics and government |
| Chronological subdivision | 1800-1837. |
| 9 (RLIN) | 75114 |
| 942 ## - ADDED ENTRY ELEMENTS (KOHA) | |
| Source of classification or shelving scheme | Dewey Decimal Classification |
| Koha item type | Books |
| Lost status | Source of classification or shelving scheme | Damaged status | Not for loan | Collection code | Permanent Location | Current Location | Shelving location | Date acquired | Source of acquisition | Cost, normal purchase price | Total Checkouts | Full call number | Date last seen | Copy number | Koha item type |
|---|---|---|---|---|---|---|---|---|---|---|---|---|---|---|---|
| Dewey Decimal Classification | Added to bundle | Non-fiction | Central Library, University of Rajshahi | Central Library, University of Rajshahi | Reading Room | 18/08/1967 | Sweets & Zeitlinger | 63.00 | 328.420734 BUP 1964 | 13/03/2014 | C-1 | Books |